Aquatic Pack - Statistics

General Stats
  • This quiz has been taken 1 time
  • The average score is 10 of 12
Answer Stats
Picture Hint Answer % Correct
Rare - 6.1% Blobfish
100%
Uncommon - 15% Clownfish
100%
Uncommon - 15% Crab
100%
Epic - 3% Dolphin
100%
Uncommon - 15% Frog
100%
Uncommon - 15% Jellyfish
100%
Legendary - 0.2% Megalodon
100%
Epic - 3% Narwhal
100%
Rare - 6.1% Octopus
100%
Rare - 6.1% Pufferfish
100%
Legendary - 0.5% Baby Shark
0%
Uncommon - 15% Old Boot
0%
No matching quizzes found
Score Distribution
Percent of People with Each Score
Percentile by Number Answered
Your Score History
You have not taken this quiz